[Event "Landsturneringen 2016"]
[Site "Tromstunhallen, Tromsø"]
[Date "2016.07.11"]
[Round "3"]
[White "Djurhuus, Rune"]
[Black "Urkedal, Frode Olav Olsen"]
[Result "1/2-1/2"]
[WhiteElo "2402"]
[BlackElo "2557"]
[PlyCount "84"]
[EventDate "2016.??.??"]

1. d4 Nf6 2. Bf4 e6 3. e3 c5 4. c3 Nc6 5. Nd2 d5 6. Ngf3 Bd6 7. Bg3 O-O 8. Bb5
Be7 9. dxc5 Bxc5 10. Qe2 Qb6 11. b4 Be7 12. Bd3 a5 13. b5 Nb8 14. O-O Nbd7 15.
c4 Nc5 16. cxd5 exd5 17. Nd4 Nxd3 18. Qxd3 Nh5 19. a4 Nxg3 20. hxg3 Bf6 21.
N2b3 Bd7 22. Rac1 Rfc8 23. Rxc8+ Rxc8 24. Qd2 Rc4 25. Qxa5 Bxd4 26. exd4 Qxa5
27. Nxa5 Rxa4 28. Nxb7 Bxb5 29. Rb1 Bd3 30. Nc5 Bxb1 31. Nxa4 Bf5 32. Nc3 Be6
33. f3 h5 34. Kf2 g5 35. Ke3 f6 36. Kd2 Kf7 37. Nd1 Kg6 38. Kc3 h4 39. gxh4
gxh4 40. Kd2 Kg5 41. Nc3 f5 42. Ke3 f4+ 
1/2-1/2

[Event "Landsturneringen 2016"]
[Site "Tromstunhallen, Tromsø"]
[Date "2016.07.11"]
[Round "3"]
[White "Salomon, Johan"]
[Black "Elsness, Frode"]
[Result "0-1"]
[WhiteElo "2458"]
[BlackElo "2439"]
[PlyCount "100"]
[EventDate "2016.??.??"]

1. d4 Nf6 2. Nf3 d5 3. c4 e6 4. e3 Be7 5. b3 c5 6. Nbd2 cxd4 7. exd4 Nc6 8. Bb2
Ne4 9. c5 Bf6 10. Qc2 O-O 11. a3 Nxd2 12. Qxd2 Re8 13. Bb5 a6 14. Bxc6 bxc6 15.
O-O a5 16. a4 Qc7 17. Bc3 Bd8 18. Rfe1 f6 19. h3 Qf7 20. Qc2 Bc7 21. Re3 Bf4
22. Re2 Qh5 23. Rae1 Qf7 24. Bd2 Bc7 25. Qc1 Rb8 26. Re3 Bd7 27. Qd1 Re7 28.
R1e2 Bc8 29. Qc1 Ba6 30. Re1 Rbe8 31. Qb2 Qh5 32. b4 axb4 33. Qxb4 e5 34. dxe5
fxe5 35. Bc3 e4 36. Nd4 Qg6 37. Bd2 Rf7 38. Rb3 Ref8 39. Be3 Bc8 40. Kf1 Ba6+
41. Kg1 Bc8 42. Kf1 Qg3 43. Ke2 Qxg2 44. Nxc6 Rxf2+ 45. Bxf2 Rxf2+ 46. Kd1 Bf4
47. Ne7+ Kf7 48. Nxd5 Rd2+ 49. Kc1 Rb2+ 50. Ree3 Qc2# 
0-1

[Event "Landsturneringen 2016"]
[Site "Tromstunhallen, Tromsø"]
[Date "2016.07.11"]
[Round "3"]
[White "Kjøita, Henning Jakhelln"]
[Black "Nilsen, Joachim B."]
[Result "0-1"]
[WhiteElo "2068"]
[BlackElo "2407"]
[PlyCount "154"]
[EventDate "2016.??.??"]

1. e4 c6 2. c4 d5 3. exd5 cxd5 4. d4 Nf6 5. Nc3 g6 6. Qb3 Bg7 7. cxd5 O-O 8.
Nf3 Nbd7 9. Bc4 Nb6 10. O-O a6 11. Re1 Nxc4 12. Qxc4 b5 13. Qc5 Qd6 14. Bg5 Bf5
15. Nd2 b4 16. Nce4 Qxc5 17. Nxc5 Nxd5 18. Ndb3 Rfe8 19. a3 e5 20. Be3 a5 21.
dxe5 a4 22. Nd4 Rxe5 23. axb4 Nxe3 24. fxe3 Rxe3 25. Nxf5 Rxe1+ 26. Rxe1 gxf5
27. Ra1 Bxb2 28. Rxa4 Bd4+ 29. Kf1 Rc8 30. Ra5 Kg7 31. Ke2 Bc3 32. Nd3 Re8+ 33.
Kd1 Re4 34. Ra4 h5 35. Kc2 Bf6 36. Kb3 Rd4 37. Nc5 Rd1 38. Ra2 Be5 39. h3 Kg6
40. Re2 f6 41. b5 Rd5 42. Kb4 Kg5 43. b6 Kh4 44. b7 Rd8 45. Kb5 f4 46. Ne6 Rg8
47. Rc2 Rb8 48. Ka6 Kg3 49. Ng7 Rg8 50. Nf5+ Kh2 51. h4 Rxg2 52. Rc5 Rb2 53.
Ka7 f3 54. Rc1 Ra2+ 55. Kb6 f2 56. Kc6 Re2 57. Nd6 Bxd6 58. Kxd6 Rb2 59. Rc2
Rxc2 60. b8=Q f1=Q 61. Ke7+ Kg1 62. Qa7+ Rf2 63. Kf8 Qc4 64. Qe3 Qxh4 65. Qe1+
Kg2 66. Qe3 Qf4 67. Qc5 h4 68. Qd5+ Qf3 69. Qg8+ Kh1 70. Qe6 Re2 71. Qa6 h3 72.
Qa1+ Kg2 73. Qa7 h2 74. Qg7+ Kf1 75. Qh7 Qa8+ 76. Kg7 Re7+ 77. Kg6 Rxh7 
0-1

[Event "Landsturneringen 2016"]
[Site "Tromstunhallen, Tromsø"]
[Date "2016.07.11"]
[Round "3"]
[White "Getz, Nicolai"]
[Black "Risting, Eivind Olav"]
[Result "1-0"]
[WhiteElo "2461"]
[BlackElo "2376"]
[PlyCount "83"]
[EventDate "2016.??.??"]

1. e4 e6 2. d4 d5 3. Nd2 a6 4. Ngf3 c5 5. dxc5 Bxc5 6. Bd3 Nc6 7. c3 Nge7 8.
Qe2 O-O 9. Nb3 Ba7 10. O-O Qc7 11. exd5 Nxd5 12. Qe4 f5 13. Qh4 Nf6 14. Nbd4
Nxd4 15. cxd4 Nd5 16. Bd2 Bd7 17. Rfe1 Qd6 18. Bc4 Rac8 19. Bb3 Bb6 20. Ne5 Bd8
21. Qg3 Bf6 22. Rad1 Bc6 23. Nxc6 Rxc6 24. Qxd6 Rxd6 25. Rxe6 Rfd8 26. Rxd6
Rxd6 27. Bf4 Rd7 28. Be5 Kf7 29. f4 Kg6 30. Kf2 Bd8 31. Kf3 Bb6 32. h3 h5 33.
Bxd5 Rxd5 34. g4 hxg4+ 35. hxg4 fxg4+ 36. Kxg4 Rd7 37. Rd3 Bc7 38. Rb3 Bxe5 39.
dxe5 Kf7 40. Rb6 Rc7 41. Kf5 Re7 42. a4 
1-0

[Event "Landsturneringen 2016"]
[Site "Tromstunhallen, Tromsø"]
[Date "2016.07.11"]
[Round "3"]
[White "Christiansen, Johan-Sebastian"]
[Black "Hobber, Anders"]
[Result "1-0"]
[WhiteElo "2411"]
[BlackElo "2333"]
[PlyCount "76"]
[EventDate "2016.??.??"]

1. Nf3 d5 2. c4 c6 3. g3 Nf6 4. Bg2 g6 5. O-O Bg7 6. d4 O-O 7. Qb3 dxc4 8. Qxc4
Bf5 9. Nc3 Ne4 10. Qb4 Nd6 11. e4 Na6 12. Qb3 Be6 13. Qc2 Nb4 14. Qb1 a5 15.
Bg5 h6 16. Bf4 g5 17. Bc1 f5 18. a3 fxe4 19. Nxg5 hxg5 20. axb4 Bxd4 21. Nxe4
Nxe4 22. Qxe4 Bf5 23. Qe2 e5 24. Be3 Qf6 25. bxa5 Be6 26. Rfe1 Rfe8 27. a6 Rxa6
28. Rxa6 bxa6 29. Bxc6 Re7 30. Bxd4 exd4 31. Bd5 Kf7 32. Bxe6+ Rxe6 33. Qc4 Ke7
34. Rxe6+ Qxe6 35. Qxd4 Qa2 36. Qg7+ Kd6 37. Qxg5 Qb1+ 38. Kg2 Qh7 
1-0

[Event "Landsturneringen 2016"]
[Site "Tromstunhallen, Tromsø"]
[Date "2016.07.11"]
[Round "3"]
[White "Haug, Johannes"]
[Black "Hauge, Lars Oskar"]
[Result "0-1"]
[WhiteElo "2318"]
[BlackElo "2386"]
[PlyCount "54"]
[EventDate "2016.??.??"]

1. e4 e5 2. Nf3 Nc6 3. Bc4 Nf6 4. d3 Be7 5. O-O O-O 6. Re1 d6 7. a4 Kh8 8. a5
a6 9. h3 h6 10. Nc3 Nh7 11. Nd5 f5 12. Bd2 f4 13. Bc3 Ng5 14. Nxe7 Qxe7 15. Bd5
Qf6 16. Kh2 Ne7 17. Ra4 Ng6 18. d4 Nxf3+ 19. Qxf3 Qg5 20. Rg1 Nh4 21. Qd1 f3
22. g3 Bxh3 23. dxe5 Ng6 24. Rh1 Bg2 25. Kg1 Bxh1 26. Kxh1 Nf4 27. Bc4 Nh3 
0-1

[Event "Landsturneringen 2016"]
[Site "Tromstunhallen, Tromsø"]
[Date "2016.07.11"]
[Round "3"]
[White "Kovachev, Daniel Jakobsen"]
[Black "Devereaux, Maxim L"]
[Result "1-0"]
[WhiteElo "2315"]
[BlackElo "2365"]
[PlyCount "145"]
[EventDate "2016.??.??"]

1. e4 c5 2. Nf3 d6 3. Bb5+ Bd7 4. Bxd7+ Qxd7 5. d4 cxd4 6. Qxd4 Nc6 7. Qd3 g6
8. Nc3 Nf6 9. h3 Bg7 10. O-O O-O 11. Rd1 Rfd8 12. Bg5 Rac8 13. Rab1 h6 14. Be3
Kh7 15. a3 b6 16. Nd5 Qb7 17. Nxf6+ Bxf6 18. c3 e6 19. Qe2 Ne7 20. Bf4 d5 21.
e5 Bg7 22. Nd4 a6 23. h4 Nf5 24. Nxf5 gxf5 25. Rd4 Rg8 26. Rbd1 Bf8 27. g3 b5
28. Kh2 Rc4 29. f3 Bc5 30. Rxc4 bxc4 31. Kh3 Rb8 32. Bc1 Bf8 33. g4 fxg4+ 34.
fxg4 Bg7 35. Rf1 Qc7 36. Bf4 Rb7 37. g5 Qb8 38. gxh6 Bf8 39. Qg4 Qe8 40. Rg1
Bxh6 41. Bxh6 f5 42. Qg5 Qf7 43. Rg2 Rd7 44. Kh2 Rb7 45. Qd8 Rd7 46. Qc8 Rc7
47. Qf8 Qxf8 48. Bxf8 Rf7 49. Bc5 f4 50. Kh3 Rf5 51. Bd4 Kh6 52. Kg4 Rf7 53.
Rf2 Rg7+ 54. Kxf4 Kh5 55. Rh2 Rg4+ 56. Kf3 Re4 57. Rg2 Rxh4 58. Rg8 Rh3+ 59.
Kf4 Rh4+ 60. Kg3 Re4 61. Kf3 Re1 62. Re8 Rf1+ 63. Kg3 Rb1 64. Rxe6 Kg5 65. Rxa6
Rxb2 66. Kf3 Rb1 67. e6 Kg6 68. Ra8 Re1 69. Rg8+ Kf5 70. Rf8+ Kg6 71. Be3 d4
72. cxd4 Rf1+ 73. Bf2 
1-0

[Event "Landsturneringen 2016"]
[Site "Tromstunhallen, Tromsø"]
[Date "2016.07.11"]
[Round "3"]
[White "Mihajlov, Sebastian"]
[Black "Grønn, Atle"]
[Result "1/2-1/2"]
[WhiteElo "2360"]
[BlackElo "2327"]
[PlyCount "40"]
[EventDate "2016.??.??"]

1. d4 e6 2. c4 Bb4+ 3. Nd2 d5 4. e3 Nf6 5. Ngf3 O-O 6. a3 Be7 7. cxd5 exd5 8.
Bd3 Re8 9. O-O Bd6 10. Qc2 Bg4 11. h3 Bh5 12. Nh4 Nc6 13. b4 a6 14. Bb2 Ne4 15.
Nf5 Nxd2 16. Qxd2 Bf8 17. Rae1 Bg6 18. f3 Qd7 19. g4 Rad8 20. Kg2 Ne7 
1/2-1/2

[Event "Landsturneringen 2016"]
[Site "Tromstunhallen, Tromsø"]
[Date "2016.07.11"]
[Round "3"]
[White "Lie, Kjetil A."]
[Black "Merkesvik, Sondre"]
[Result "1-0"]
[WhiteElo "2520"]
[BlackElo "2263"]
[PlyCount "53"]
[EventDate "2016.??.??"]

1. c4 Nf6 2. Nc3 d5 3. cxd5 Nxd5 4. Nf3 g6 5. Qc2 Bg7 6. e4 Nxc3 7. dxc3 c5 8.
Bf4 Nc6 9. Be2 O-O 10. O-O a6 11. Rfd1 Qa5 12. Nd2 Be6 13. Bc4 Bxc4 14. Nxc4
Qb5 15. Ne3 e6 16. a4 Qb6 17. Nc4 Qa7 18. a5 Rad8 19. Bc7 Rxd1+ 20. Rxd1 Rc8
21. Rd7 Bf8 22. Qd2 Nb8 23. Rd8 Rxd8 24. Qxd8 Nc6 25. Qe8 Kg7 26. Ne5 Nxe5 27.
Bb8 
1-0

[Event "Landsturneringen 2016"]
[Site "TromsÃ¸"]
[Date "2016.07.11"]
[Round "?"]
[White "Hole, Ã~ystein"]
[Black "ForsÃ¥, Espen"]
[Result "1/2-1/2"]
[WhiteElo "2332"]
[BlackElo "2308"]
[PlyCount "42"]
[EventDate "2016.??.??"]

1. Nf3 d5 2. d4 c6 3. c4 e6 4. Qc2 dxc4 5. Qxc4 Nf6 6. Bg5 b5 7. Qc2 Bb7 8. e3
Nbd7 9. Nbd2 a6 10. a4 Bb4 11. Be2 c5 12. Bxf6 Qxf6 13. axb5 axb5 14. Rxa8+
Bxa8 15. dxc5 Bxf3 16. Bxf3 Nxc5 17. Bc6+ Ke7 18. O-O Rb8 19. Nb3 Nxb3 20. Qxb3
Bd6 21. Rd1 Qe5 
1/2-1/2

[Event "Landsturneringen 2016"]
[Site "Tromstunhallen, Tromsø"]
[Date "2016.07.11"]
[Round "3"]
[White "Martinsen, Stig K."]
[Black "Moen, Andreas G.R."]
[Result "0-1"]
[WhiteElo "2206"]
[BlackElo "2325"]
[PlyCount "118"]
[EventDate "2016.??.??"]

1. d4 d5 2. c4 c6 3. Nf3 Nf6 4. e3 e6 5. b3 Bb4+ 6. Nbd2 O-O 7. Bd3 c5 8. Bb2
cxd4 9. exd4 b6 10. O-O Bb7 11. Rc1 Qe7 12. Qc2 Nbd7 13. Bc3 Bxc3 14. Qxc3 Rac8
15. Qb2 Rfd8 16. Rfe1 h6 17. h3 Qd6 18. Bf1 Nf8 19. Re3 Ng6 20. Rd1 Ne7 21. Bd3
Nc6 22. Nf1 dxc4 23. bxc4 Qb4 24. Qb3 Kf8 25. Be2 Rc7 26. Ne5 Qxb3 27. axb3
Rxd4 28. Ra1 Nxe5 29. Rxe5 Re4 30. Rxe4 Bxe4 31. f3 Bg6 32. Kf2 Ke7 33. Ke3 Nd7
34. b4 e5 35. Nd2 f5 36. f4 Bf7 37. fxe5 Nxe5 38. Kd4 Kd6 39. Rf1 Be6 40. Rc1
Nc6+ 41. Kc3 g5 42. Rf1 Ke5 43. Bd3 Rd7 44. Nf3+ Kf6 45. b5 Ne5 46. Nd4 f4 47.
Ra1 Rc7 48. Ra4 Bd5 49. Bf1 h5 50. Nc2 g4 51. hxg4 hxg4 52. Kd4 Ba8 53. Nb4
Bxg2 54. Bxg2 Rxc4+ 55. Kd5 f3 56. Bf1 Rf4 57. Kd6 Kf5 58. Nd3 Rxa4 59. Nxe5
Rd4+ 
0-1

[Event "Landsturneringen 2016"]
[Site "Tromstunhallen, Tromsø"]
[Date "2016.07.11"]
[Round "4"]
[White "Elsness, Frode"]
[Black "Djurhuus, Rune"]
[Result "0-1"]
[WhiteElo "2439"]
[BlackElo "2402"]
[PlyCount "132"]
[EventDate "2016.??.??"]

1. d4 Nf6 2. c4 g6 3. Nc3 Bg7 4. e4 O-O 5. Be3 d6 6. f3 e5 7. Nge2 exd4 8. Nxd4
c6 9. Qd2 Nbd7 10. Be2 a6 11. O-O d5 12. cxd5 cxd5 13. Rad1 dxe4 14. fxe4 Re8
15. Nb3 Qe7 16. Bc4 Ne5 17. Bd5 Bg4 18. Rde1 Rad8 19. Bg5 Rd6 20. Rf2 Bc8 21.
h3 h6 22. Bf4 Kh7 23. Ref1 b5 24. a3 Bb7 25. Qc2 Nxd5 26. Nxd5 Bxd5 27. exd5
Rxd5 28. Bxe5 Rxe5 29. Rxf7 Qg5 30. Kh1 Re1 31. Qc6 R8e6 32. Qb7 Rxf1+ 33. Rxf1
Qe7 34. Qxe7 Rxe7 35. Nc5 Bxb2 36. a4 bxa4 37. Nxa4 Bd4 38. Rd1 Bf2 39. Kh2 h5
40. g3 Re4 41. Kg2 Rd4 42. Rb1 Bxg3 43. Nc5 Bd6 44. Nxa6 Rd2+ 45. Kf1 Rd3 46.
Rb7+ Kh6 47. Rd7 Rf3+ 48. Ke2 Rf6 49. Nc7 Kg5 50. Nb5 Bg3 51. Nc3 Rf2+ 52. Ke3
Rf8 53. Ne4+ Kh4 54. Rg7 Bf4+ 55. Ke2 g5 56. Rh7 Be5 57. Re7 Bf4 58. Rh7 Re8
59. Kf3 Re6 60. Rh8 Ra6 61. Rh7 Be5 62. Re7 Ra5 63. Kg2 Ra2+ 64. Nf2 Bg3 65.
Re4+ g4 66. hxg4 Rxf2+ 
0-1

[Event "Landsturneringen 2016"]
[Site "Tromstunhallen, Tromsø"]
[Date "2016.07.11"]
[Round "4"]
[White "Nilsen, Joachim B."]
[Black "Christiansen, Johan-Sebastian"]
[Result "1-0"]
[WhiteElo "2407"]
[BlackElo "2411"]
[PlyCount "97"]
[EventDate "2016.??.??"]

1. Nf3 d5 2. d4 Nf6 3. c4 dxc4 4. Qa4+ c6 5. Qxc4 Bg4 6. Nbd2 Nbd7 7. Qb3 Qc7
8. g3 e6 9. Bg2 Be7 10. Nc4 Nb6 11. Bf4 Qd8 12. Na5 Bxf3 13. Bxf3 Qd7 14. O-O
O-O 15. Rfd1 h6 16. Rac1 Rad8 17. a3 Qc8 18. Qc2 Nfd5 19. Bd2 Nc7 20. e3 Bf6
21. Be1 Nb5 22. Nb3 e5 23. dxe5 Bxe5 24. Nc5 Nc7 25. a4 Nd7 26. Bg4 Ne6 27.
Bxe6 fxe6 28. Nxe6 Rde8 29. Nxf8 Nxf8 30. f4 Bc7 31. e4 Qg4 32. Qg2 Ne6 33. Bf2
a6 34. Be3 Nd8 35. Rd3 Qe6 36. Rcd1 Qc4 37. b3 Qb4 38. e5 Ne6 39. Qd2 Qe4 40.
Rd7 Ba5 41. Qd3 Qf3 42. Rf1 Qg4 43. f5 Nf8 44. Rd4 Qh5 45. e6 Re7 46. Rh4 Qe8
47. Bc5 Rc7 48. b4 Qd8 49. Qxd8 
1-0

[Event "Landsturneringen 2016"]
[Site "Tromstunhallen, Tromsø"]
[Date "2016.07.11"]
[Round "4"]
[White "Urkedal, Frode Olav Olsen"]
[Black "Kovachev, Daniel Jakobsen"]
[Result "1/2-1/2"]
[WhiteElo "2557"]
[BlackElo "2315"]
[PlyCount "159"]
[EventDate "2016.??.??"]

1. d4 g6 2. e4 Bg7 3. Nf3 d6 4. Be2 Nc6 5. Nc3 Bg4 6. d5 Nb8 7. Bg5 c6 8. Qd2
Qa5 9. O-O Nf6 10. h3 Bxf3 11. Bxf3 O-O 12. Rfe1 Qc7 13. Be2 Nbd7 14. Bf1 Rfe8
15. Rad1 Rac8 16. Rc1 a6 17. dxc6 Qxc6 18. Nd5 Nxd5 19. exd5 Qc7 20. c3 Bf6 21.
Bh6 Nc5 22. g3 b5 23. h4 Qb7 24. Re3 a5 25. Bh3 Rc7 26. Rf3 b4 27. Rxf6 exf6
28. Qd4 Ne4 29. Bg2 bxc3 30. bxc3 Qa7 31. Qxa7 Rxa7 32. c4 f5 33. Bf4 Rd8 34.
h5 Rc7 35. h6 f6 36. g4 Kf7 37. gxf5 gxf5 38. Bh3 Kg6 39. Be3 Rdc8 40. Kh2 Ng5
41. Bf1 Rb8 42. Kg3 Rb2 43. Bd3 Rxa2 44. Kf4 Ra4 45. Bxf5+ Kxh6 46. Bd3 Ra3 47.
Rd1 Kg7 48. Kf5 Nf7 49. Ke6 Kf8 50. Kxf6 Ne5 51. Be2 Nxc4 52. Bxc4 Rxc4 53. Ke6
Rcc3 54. Bf4 Ra2 55. Bxd6+ Ke8 56. Be5 Rh3 57. f4 Rh6+ 58. Kf5 Kd7 59. Rb1 Rd2
60. Rb7+ Kc8 61. Rc7+ Kd8 62. d6 Rdxd6 63. Bxd6 Rxd6 64. Rxh7 Ke8 65. Ra7 Rb6
66. Kg5 Kf8 67. f5 a4 68. Rxa4 Kf7 69. Ra7+ Kf8 70. Ra5 Kf7 71. Ra8 Rc6 72. Rh8
Ra6 73. Rh7+ Kg8 74. Re7 Kf8 75. Re6 Rxe6 76. fxe6 Ke7 77. Kf5 Ke8 78. Kf6 Kf8
79. e7+ Ke8 80. Ke6 
1/2-1/2

[Event "Landsturneringen 2016"]
[Site "Tromstunhallen, Tromsø"]
[Date "2016.07.11"]
[Round "4"]
[White "Hauge, Lars Oskar"]
[Black "Getz, Nicolai"]
[Result "1/2-1/2"]
[WhiteElo "2386"]
[BlackElo "2461"]
[PlyCount "81"]
[EventDate "2016.??.??"]

1. e4 e5 2. Nf3 Nc6 3. Bb5 a6 4. Ba4 Nf6 5. O-O b5 6. Bb3 Bb7 7. d3 Be7 8. Re1
O-O 9. a4 d6 10. Nbd2 Na5 11. Ba2 bxa4 12. Nf1 a3 13. bxa3 Bc8 14. Bd2 Nc6 15.
Ne3 Be6 16. Nd5 Nd4 17. Nxd4 exd4 18. c3 dxc3 19. Nxe7+ Qxe7 20. Bxc3 Nd7 21.
Bb1 Qh4 22. Re3 Ne5 23. Rg3 Rab8 24. Qe1 Ng6 25. Qd2 Rb5 26. Bc2 Rh5 27. h3 f5
28. Bd1 f4 29. Rxg6 hxg6 30. Bxh5 gxh5 31. f3 Rb8 32. a4 Rb3 33. Bd4 c5 34. Bf2
Qf6 35. Rc1 Ra3 36. d4 Ra2 37. Rc2 Rxc2 38. Qxc2 cxd4 39. Qd3 a5 40. Qb5 Qe5
41. Qd3 
1/2-1/2

[Event "Landsturneringen 2016"]
[Site "Tromstunhallen, Tromsø"]
[Date "2016.07.11"]
[Round "4"]
[White "Mihajlov, Sebastian"]
[Black "Lie, Kjetil A."]
[Result "0-1"]
[WhiteElo "2360"]
[BlackElo "2520"]
[PlyCount "152"]
[EventDate "2016.??.??"]

1. d4 d6 2. c4 e5 3. Nf3 e4 4. Nfd2 f5 5. e3 Nf6 6. Nc3 c6 7. Be2 Na6 8. f3
exf3 9. Bxf3 d5 10. O-O Nc7 11. Qb3 Be7 12. Ne2 Bd6 13. cxd5 cxd5 14. Nf4 Bxf4
15. exf4 Ne6 16. Qb5+ Qd7 17. Qxd7+ Bxd7 18. Nb3 b6 19. Re1 Ne4 20. Be3 Rc8 21.
Rac1 Kf7 22. Nd2 Bb5 23. g3 Bd3 24. Bh5+ Ke7 25. Nf3 Rxc1 26. Rxc1 Be2 27. Re1
Bxf3 28. Bxf3 Rc8 29. Bd1 Kd6 30. Bb3 b5 31. Kf1 a5 32. Ke2 a4 33. Bd1 a3 34.
bxa3 Rc4 35. Kd3 Rc3+ 36. Ke2 Rc4 37. Kd3 Rc3+ 38. Ke2 Rxa3 39. Bb3 Nc3+ 40.
Kd2 Nxa2 41. Bc2 g6 42. Ra1 Ng7 43. Bf2 Nh5 44. Be1 Nf6 45. Kd1 Nc3+ 46. Bxc3
Rxc3 47. Ra6+ Rc6 48. Ra5 b4 49. Rb5 Rc4 50. Rb6+ Ke7 51. Bd3 Rxd4 52. Ke2 Nd7
53. Rb5 b3 54. Ke3 Ra4 55. Rxd5 Ra2 56. Rb5 Rxh2 57. Rxb3 Nf6 58. Rb7+ Kd8 59.
Bc4 Ne4 60. Bg8 h5 61. Rg7 Nxg3 62. Rxg6 h4 63. Kf3 Ke7 64. Be6 Rc2 65. Bd5
Rc3+ 66. Kg2 Nh5 67. Re6+ Kd7 68. Re5 Nxf4+ 69. Kh2 Kd6 70. Rxf5 Rc2+ 71. Kh1
Rc1+ 72. Kh2 Rc2+ 73. Kh1 Nxd5 74. Rh5 Rc4 75. Kh2 Rc2+ 76. Kh3 Nf4+ 
0-1

[Event "Landsturneringen 2016"]
[Site "Tromstunhallen, Tromsø"]
[Date "2016.07.11"]
[Round "4"]
[White "Kjøita, Henning Jakhelln"]
[Black "Salomon, Johan"]
[Result "0-1"]
[WhiteElo "2068"]
[BlackElo "2458"]
[PlyCount "104"]
[EventDate "2016.??.??"]

1. e4 c5 2. c3 Nf6 3. e5 Nd5 4. d4 cxd4 5. cxd4 d6 6. Nf3 Nc6 7. Be2 e6 8. O-O
Be7 9. Bd2 O-O 10. Nc3 Nxc3 11. Bxc3 dxe5 12. Nxe5 Nb4 13. Bf3 Nd5 14. Qb3 a5
15. a4 Qd6 16. Nc4 Qd8 17. Ne3 Nxc3 18. bxc3 Bd6 19. Rfd1 Rb8 20. Nc4 Bc7 21.
Na3 Qf6 22. Nb5 Bf4 23. c4 Bd7 24. g3 Bh6 25. Bg2 Rfd8 26. Qc3 g6 27. Rab1 b6
28. c5 Bxb5 29. Rxb5 bxc5 30. Rxc5 Bf8 31. Rb5 Bb4 32. Qe3 Rbc8 33. Qf3 Qxf3
34. Bxf3 Rc3 35. Kg2 Ra3 36. d5 e5 37. d6 Rxa4 38. d7 f6 39. Rb6 Be7 40. Ra6 e4
41. Be2 Kf8 42. Rc1 Ra2 43. Rc8 Rxe2 44. Raa8 e3 45. Rxd8+ Bxd8 46. Rxd8+ Ke7
47. Ra8 Rxf2+ 48. Kg1 Rd2 49. Re8+ Kxd7 50. Rxe3 Rd6 51. Ra3 Ra6 52. Kf2 Kc6
0-1

[Event "Landsturneringen 2016"]
[Site "Tromstunhallen, Tromsø"]
[Date "2016.07.11"]
[Round "4"]
[White "Grønn, Atle"]
[Black "Risting, Eivind Olav"]
[Result "1-0"]
[WhiteElo "2327"]
[BlackElo "2376"]
[PlyCount "109"]
[EventDate "2016.??.??"]

1. Nf3 Nf6 2. c4 e6 3. g3 d5 4. b3 b6 5. Bg2 Bb7 6. O-O Bd6 7. Bb2 O-O 8. Qc2
Qe7 9. Nc3 a6 10. Rac1 c5 11. cxd5 Nxd5 12. Nxd5 Bxd5 13. e4 Bb7 14. e5 Bc7 15.
d4 Nd7 16. Ng5 Qxg5 17. Bxb7 Ra7 18. Bc6 Bb8 19. f4 Qe7 20. Ba3 Rc8 21. Qg2 a5
22. Rfd1 Rac7 23. Bb7 Rf8 24. Ba6 Ba7 25. Kh1 Qe8 26. Bb5 Qc8 27. Rc4 h6 28.
Rc2 Nb8 29. dxc5 bxc5 30. Rd6 Nd7 31. Ba6 Qb8 32. h3 Nb6 33. Rxc5 Rxc5 34. Bxc5
Nd5 35. Rxd5 exd5 36. Bxf8 Qxf8 37. Qxd5 Qb4 38. Qd8+ Kh7 39. Qd3+ Kh8 40. Qd1
Qe4+ 41. Kh2 Bb6 42. Bc4 Qe3 43. h4 g6 44. Bxf7 Kg7 45. Bc4 h5 46. Qd5 Kh6 47.
Qa8 Qg1+ 48. Kh3 Bd8 49. Qg2 Qe1 50. Qf1 Qe3 51. Qd1 Bb6 52. Qd6 Qc5 53. Qxc5
Bxc5 54. g4 Bf2 55. Be2 
1-0

[Event "Landsturneringen 2016"]
[Site "Tromstunhallen, Tromsø"]
[Date "2016.07.11"]
[Round "4"]
[White "Devereaux, Maxim L"]
[Black "Haug, Johannes"]
[Result "1-0"]
[WhiteElo "2365"]
[BlackElo "2318"]
[PlyCount "285"]
[EventDate "2016.??.??"]

1. d4 Nf6 2. g3 e6 3. Bg2 d5 4. c4 c5 5. cxd5 Nxd5 6. Nf3 Nc6 7. O-O cxd4 8.
Nxd4 Bd7 9. Nb3 Be7 10. e4 Nb6 11. Qe2 e5 12. Rd1 O-O 13. Nc3 Qc8 14. Be3 Bh3
15. Rac1 Bxg2 16. Kxg2 f5 17. f3 f4 18. Bxb6 axb6 19. Nd5 Bd8 20. Qc4 Kh8 21.
a3 fxg3 22. hxg3 Qe6 23. Rd3 Qf7 24. Rf1 Rc8 25. Qc3 Qg6 26. Qe1 Na5 27. Nxa5
bxa5 28. Rc3 Rc6 29. Rf2 Bg5 30. Rfc2 h5 31. Qh1 Rfc8 32. a4 Kh7 33. Qh3 Rxc3
34. Rxc3 Rc6 35. Rxc6 bxc6 36. Nb6 Qf7 37. Qf5+ Qxf5 38. exf5 Bd8 39. Nc4 Bc7
40. Kf2 Kh6 41. Ke3 g5 42. fxg6 Kxg6 43. Ke4 Kf6 44. b3 Ke6 45. Nb2 Kf6 46. Nd3
Bd6 47. Ne1 Bc5 48. Nd3 Bd6 49. Nb2 Bb8 50. Nc4 Bc7 51. Nd2 Ke6 52. Nc4 Kf6 53.
Ke3 Ke6 54. Kd3 Kd5 55. Ne3+ Kc5 56. Nf5 Kb4 57. Kc2 Bd8 58. Ng7 h4 59. gxh4
Bxh4 60. Nf5 Bf6 61. Ne3 Bg5 62. Nc4 Bf4 63. Nb2 Kc5 64. Kc3 Be3 65. Nd3+ Kd5
66. b4 Bd4+ 67. Kb3 axb4 68. Nxb4+ Kc5 69. Nd3+ Kd5 70. Nb4+ Kc5 71. Nc2 Bf2
72. Kc3 Kb6 73. Kc4 Ka5 74. Kb3 Kb6 75. Kb4 c5+ 76. Kb3 Ka5 77. Na3 Bd4 78.
Nc4+ Ka6 79. Kc2 Ba1 80. Kd3 Bd4 81. Ke4 Ba1 82. Kd5 Bd4 83. Nxe5 Bxe5 84. Kxe5
Ka5 85. Kd5 Kb4 86. a5 c4 87. a6 c3 88. a7 c2 89. a8=Q c1=Q 90. Qb7+ Ka3 91.
Qa6+ Kb2 92. Qb5+ Ka1 93. Qa4+ Kb1 94. Qb4+ Ka1 95. Qd4+ Kb1 96. f4 Qc8 97.
Qe4+ Ka1 98. Qe5+ Kb1 99. Qe6 Qd8+ 100. Ke5 Qh8+ 101. Qf6 Qe8+ 102. Kd6 Qb8+
103. Ke7 Qc7+ 104. Kf8 Qc8+ 105. Kg7 Qd7+ 106. Qf7 Qd4+ 107. Kh7 Qf2 108. Qg6+
Ka2 109. f5 Qh2+ 110. Kg8 Qb8+ 111. Kg7 Qe5+ 112. f6 Kb2 113. Qg4 Qc3 114. Qf4
Ka1 115. Kf7 Qb3+ 116. Kf8 Qa3+ 117. Kg7 Qc3 118. Qf1+ Kb2 119. Qg2+ Ka1 120.
Qg5 Kb2 121. Kg6 Qc6 122. Qe5+ Kb1 123. Kg7 Qg2+ 124. Kh6 Qc6 125. Qe1+ Kb2
126. Qf2+ Ka1 127. Kg6 Qe4+ 128. Qf5 Qc6 129. Kg7 Qc3 130. Kh7 Ka2 131. f7 Qc7
132. Qf2+ Kb1 133. Qe1+ Ka2 134. Qd2+ Ka1 135. Qd4+ Ka2 136. Qd5+ Ka1 137. Kg6
Qb6+ 138. Kh5 Qf6 139. Qa8+ Kb1 140. f8=Q Qe5+ 141. Kg4 Qd4+ 142. Qf4 Qd7+ 143.
Qf5+ 
1-0

[Event "Landsturneringen 2016"]
[Site "Tromstunhallen, Tromsø"]
[Date "2016.07.11"]
[Round "4"]
[White "Hobber, Anders"]
[Black "Forså, Espen"]
[Result "1/2-1/2"]
[WhiteElo "2333"]
[BlackElo "2308"]
[PlyCount "33"]
[EventDate "2016.??.??"]

1. d4 d5 2. Bf4 c6 3. e3 Qb6 4. b3 Nf6 5. Bd3 Bg4 6. Ne2 Nbd7 7. h3 Bh5 8. O-O
e6 9. c4 Be7 10. Nbc3 O-O 11. c5 Qd8 12. b4 Ne8 13. Qc2 Bg6 14. Bxg6 hxg6 15.
a4 b6 16. a5 b5 17. Bh2 
1/2-1/2

[Event "Landsturneringen 2016"]
[Site "Tromstunhallen, Tromsø"]
[Date "2016.07.11"]
[Round "4"]
[White "Moen, Andreas G.R."]
[Black "Hole, Øystein"]
[Result "1/2-1/2"]
[WhiteElo "2325"]
[BlackElo "2332"]
[PlyCount "98"]
[EventDate "2016.??.??"]

1. e4 c6 2. d4 d5 3. Nd2 dxe4 4. Nxe4 Bf5 5. Ng3 Bg6 6. Nh3 Nf6 7. Nf4 e5 8.
dxe5 Qa5+ 9. c3 Qxe5+ 10. Qe2 Nbd7 11. Nxg6 hxg6 12. Bf4 Qxe2+ 13. Bxe2 O-O-O
14. Rd1 Nd5 15. Bc1 N7f6 16. O-O Bd6 17. Bc4 Rhe8 18. Bg5 Rd7 19. Bxf6 gxf6 20.
Bxd5 Bxg3 21. fxg3 Rxd5 22. Rxd5 cxd5 23. Rxf6 Re2 24. Rxf7 Rxb2 25. h4 Rxa2
26. g4 Ra4 27. h5 gxh5 28. gxh5 Rh4 29. Rf5 Kd7 30. Rxd5+ Ke6 31. Ra5 b6 32.
Rxa7 Rxh5 33. Ra4 Rc5 34. Ra3 b5 35. Kf2 Rc4 36. Rb3 Kf6 37. Ke3 Ke6 38. Kf3
Kf6 39. Kf2 Ke6 40. Ke3 Rg4 41. Rb2 Rc4 42. Kd3 Rg4 43. Rf2 Ke5 44. Ke2 b4 45.
cxb4 Rxb4 46. Rf3 Rf4 47. Ke3 Rxf3+ 48. Kxf3 Kf5 49. Kg3 Kg5 
1/2-1/2

[Event "Landsturneringen 2016"]
[Site "Tromstunhallen, Tromsø"]
[Date "2016.07.11"]
[Round "4"]
[White "Merkesvik, Sondre"]
[Black "Martinsen, Stig K."]
[Result "0-1"]
[WhiteElo "2263"]
[BlackElo "2206"]
[PlyCount "74"]
[EventDate "2016.??.??"]

1. d4 f5 2. g3 Nf6 3. Bg2 e6 4. c4 Be7 5. Nc3 O-O 6. Bg5 d6 7. Nf3 Qe8 8. Bxf6
Bxf6 9. e4 e5 10. dxe5 dxe5 11. O-O Nc6 12. Nd5 Bd8 13. b4 Qh5 14. b5 fxe4 15.
bxc6 exf3 16. cxb7 Bxb7 17. Re1 c6 18. Nc3 Bb6 19. Na4 Bxf2+ 20. Kxf2 Qxh2 21.
Ke3 fxg2 22. Qg4 Qh6+ 23. Ke2 Qf6 24. Kd3 Rad8+ 25. Kc2 Bc8 26. Qe2 Qg6+ 27.
Kc3 Qxg3+ 28. Kb4 Bg4 29. Qe4 Rb8+ 30. Ka5 Qa3 31. Rab1 Rxb1 32. Qxb1 Qd6 33.
Qe4 Rb8 34. Rb1 Qc7+ 35. Nb6 Rxb6 36. Ka4 Rxb1 37. Qxb1 Qb6 
0-1